LEADER 03342nam 22005655 450 001 996418312403316 005 20230330060405.0 010 $a3-030-61588-X 024 7 $a10.1007/978-3-030-61588-8 035 $a(CKB)4100000011515518 035 $a(DE-He213)978-3-030-61588-8 035 $a(MiAaPQ)EBC6380835 035 $a(PPN)254727093 035 $a(EXLCZ)994100000011515518 100 $a20201017d2020 u| 0 101 0 $aeng 135 $aurnn|008mamaa 181 $ctxt$2rdacontent 182 $cc$2rdamedia 183 $acr$2rdacarrier 200 10$aCellular Automata and Discrete Complex Systems$b[electronic resource] $e26th IFIP WG 1.5 International Workshop, AUTOMATA 2020, Stockholm, Sweden, August 10?12, 2020, Proceedings /$fedited by Hector Zenil 205 $a1st ed. 2020. 210 1$aCham :$cSpringer International Publishing :$cImprint: Springer,$d2020. 215 $a1 online resource (XXV, 153 p. 64 illus., 5 illus. in color.) 225 1 $aTheoretical Computer Science and General Issues,$x2512-2029 ;$v12286 311 $a3-030-61587-1 327 $aExploring Millions of 6-State FSSP Solutions: the Formal Notion of Local CA Simulation -- Non-maximal sensitivity to synchronism in periodic elementary cellular automata: exact asymptotic measures -- Cycle based Clustering using Reversible Cellular Automata -- Commutative automata networks -- Cellular String Generators -- Everywhere Zero Pointwise Lyapunov Exponents for Sensitive Cellular Automata -- Self-Stabilizing Distributed Algorithms by Gellular Automata -- A characterization of amenable groups with Besicovitch pseudodistances -- Four heads are better than three -- Complexity of Generic Limit Sets of Cellular Automata -- Latin Hypercubes and Cellular Automata. 330 $aThis volume constitutes the refereed post-conference proceedings of the 26th IFIP WG 1.5 International Workshop on Cellular Automata and Discrete Complex Systems, AUTOMATA 2020, held in Stockholm, Sweden, in August 2020. The workshop was held virtually. The 11 full papers presented in this book were carefully reviewed and selected from a total of 21 submissions. The topics of the conference include dynamical, topological, ergodic and algebraic aspects of CA and DCS, algorithmic and complexity issues, emergent properties, formal languages, symbolic dynamics, tilings, models of parallelism and distributed systems, timing schemes, synchronous versus asynchronous models, phenomenological descriptions, scientific modeling, and practical applications. 410 0$aTheoretical Computer Science and General Issues,$x2512-2029 ;$v12286 606 $aComputer science 606 $aArtificial intelligence 606 $aDatabase management 606 $aTheory of Computation 606 $aArtificial Intelligence 606 $aDatabase Management 615 0$aComputer science. 615 0$aArtificial intelligence. 615 0$aDatabase management. 615 14$aTheory of Computation. 615 24$aArtificial Intelligence. 615 24$aDatabase Management. 676 $a511.3 702 $aZenil$b Hector 801 0$bMiAaPQ 801 1$bMiAaPQ 801 2$bMiAaPQ 906 $aBOOK 912 $a996418312403316 996 $aCellular automata and discrete complex systems$92126326 997 $aUNISA LEADER 02066nlm0 2200349 450 001 000037644 005 20250326120558.0 010 $a978-88-351-4243-0$beBook-PDF 100 $a20231030d2022----km-y0itay50------ba 101 0 $aita 102 $aIT 105 $a--------001cy 106 $as 135 $adoug----uuuuu 200 1 $a<>intelligenza umana$enelle sue forme di manifestazione e nei suoi effetti sull'economia delle aziende$brisorsa elettronica$fGiuseppe Paolone 210 $aMilano$cAngeli$d2022 215 $a1 testo elettronico (283 p.) 225 2 $aCollana di studi e ricerche aziendali$fUniversità telematica Pegaso$v20 230 $aTesto elettronico 327 1 $aIndice del libro free access:$uhttp://digital.casalini.it/9788835142430 330 $aIl volume si rivolge in particolare a docenti ed esperti di area umanistica, soprattutto di ambito filosofico e socio-psicologico, che hanno la curiosità o l'esigenza di ampliare la propria base conoscitiva con nozioni di carattere aziendale, per meglio operare nei rispettivi ambiti disciplinari. Il testo cerca di analizzare le varie forme di \201Cintelligenza umana\201D nei loro effetti sulle condizioni di equilibrio aziendale, senza avere la pretesa di soddisfare del tutto le aspettative dei fruitori, ma con la consapevolezza di aver fornito elementi utili per l'ampliamento delle loro conoscenze e competenze. [Testo dell'editore] 410 0$12001$aCollana di studi e ricerche aziendali$fUniversità telematica Pegaso$v20 500 10$a<>intelligenza umana$93083926 610 1 $aEconomia aziendale$aRuolo [dell'] Intelligenza 676 $a338$v23$9PRODUZIONE 700 1$aPaolone,$bGiuseppe$4070$0110348 801 0$aIT$bUNIPARTHENOPE$c20250326$gREICAT$2UNIMARC 856 4 $aData ultima consultazione: 26-03-2025$uhttp://digital.casalini.it/9788835142430$zAccesso limitato alla rete di Ateneo Università di Napoli "Parthenope" 912 $a000037644 951 $aEBOOK$b49891$cNAVA1$d2025 996 $aIntelligenza umana$93083926 997 $aUNIPARTHENOPE